| 000 | 00432nab a2200145Ia 4500 | ||
|---|---|---|---|
| 003 | ES-SlBCS | ||
| 005 | 20210601130747.0 | ||
| 008 | 140529s2007 xxu||||| |||| 00| 0 fre d | ||
| 041 | _afre | ||
| 100 | 1 |
_aHudson, Robert G. _9163661 |
|
| 245 | 0 | 0 |
_aAméliorer les théories de la fiabilité _c Robert G. Hudson |
| 650 | 0 | 4 |
_aFiabilidad _9156435 |
| 773 | 0 |
_tPhilosophiques _gvol. 34, nº. 2, 2007, págs. 363-366 _wRev1452 |
|
| 942 | _cAR | ||
| 999 |
_c551916 _d551916 |
||